000 00771cam a2200241 a 4500
001 3369995
003 ARRUPE
005 20131001165424.0
008 881013s1987 inu 000 0 eng
010 _a 87061186
020 _a0879734876 (pbk.) :
_c$5.95
040 _aDLC
_cDLC
_dDLC
_dWaU
050 0 0 _aBX2179
_b.L9.K89
100 1 _aKnight, David M.,
_d1931-
_91949
245 1 3 _aAn armchair retreat /
_cDavid M. Knight.
260 _aHuntington, Ind. :
_bOur Sunday Visitor Pub. Division,
_cc1987.
300 _a180 p. ;
_c21 cm.
650 0 _aSpiritual retreats.
_91950
650 0 _aSpiritual Exercises
_xcommentary
_91951
650 0 _aSpiritual life
_xCatholic Church.
_91952
906 _a7
_bcbc
_corignew
_d3
_eopcn
_f19
_gy-gencatlg
942 _2lcc
_cMONOGRAPH
999 _c118208
_d118208